Conociendo la contabilidad (Registro nro. 4800)
[ vista simple ]
| 000 -LEADER | |
|---|---|
| fixed length control field | 01541 a2200253 4500 |
| 001 - CONTROL NUMBER | |
| control field | 49329 |
| 005 - DATE AND TIME OF LATEST TRANSACTION | |
| control field | 20260407155756.0 |
| 008 - FIXED-LENGTH DATA ELEMENTS--GENERAL INFORMATION | |
| fixed length control field | 260407a2018 arg spa d |
| 003 - CONTROL NUMBER IDENTIFIER | |
| control field | AR-UNSa-BCEJYS |
| 040 ## - CATALOGING SOURCE | |
| Original cataloging agency | AR-UNSa-BCEJYS |
| Language of cataloging | spa |
| Transcribing agency | AR-UNSa-BCEJYS |
| 080 ## - UNIVERSAL DECIMAL CLASSIFICATION NUMBER | |
| Universal Decimal Classification number | 657 |
| Common auxiliary subdivision | Contabilidad |
| 020 ## - INTERNATIONAL STANDARD BOOK NUMBER | |
| International Standard Book Number | 978-987-716-097-0 |
| 041 ## - LANGUAGE CODE | |
| Language code of text/sound track or separate title | spa |
| 100 1# - MAIN ENTRY--PERSONAL NAME | |
| Personal name | Telese, Miguel |
| 245 10 - TITLE STATEMENT | |
| Title | Conociendo la contabilidad |
| 250 ## - EDITION STATEMENT | |
| Edition statement | 3a. ed |
| 264 #1 - PRODUCTION, PUBLICATION, DISTRIBUTION, MANUFACTURE, AND COPYRIGHT NOTICE | |
| Place of production, publication, distribution, manufacture | Buenos Aires : |
| Name of producer, publisher, distributor, manufacturer | Osmar D. Buyatti |
| Date of production, publication, distribution, manufacture, or copyright notice | 2018 |
| 300 ## - PHYSICAL DESCRIPTION | |
| Extent | 464 p. |
| Dimensions | 23 cm |
| 505 ## - FORMATTED CONTENTS NOTE | |
| Formatted contents note | 1. Los agentes económicos. El ente - 2. El patrimonio - 3. Evolución temporal y marco normativo de la contabilidad - 4. Las normas contables. Las organizaciones profesionales - 5. Naturaleza y definiciones de la contabilidad. La contabilidad como mensaje cifrado - 6. Sujeto, objeto y objetivo de la contabilidad. Los usos de la información contable. Funciones de la contabilidad - 7. La igualdad fundamental contable - 8. El devengo y las variaciones patrimoniales. Apropiaciones de resultados al ejercicio contable - 9. Fundamentos de la partida doble - 10. El proceso contable - 11. Revelación y documentación respaldatoria - 12. Segunda etapa: clasificación las cuentas en la contabilidad - 13. Valuación (medición contable) - 14. Registración - 15. Hoja de trabajo (pre-balance) - 16. Exposición. |
| 590 ## - LOCAL NOTE (RLIN) | |
| Local note | niveau_biblio:m niveau_hierar:0 |
| 700 1# - ADDED ENTRY--PERSONAL NAME | |
| Personal name | Baeza, Noralí |
| 856 41 - ELECTRONIC LOCATION AND ACCESS | |
| Uniform Resource Identifier | <a href="https://www.biblioeco.unsa.edu.ar/pmb/images/libros/L127965.jpg">https://www.biblioeco.unsa.edu.ar/pmb/images/libros/L127965.jpg</a> |
| Link text | Imagen de portada |
| Electronic format type | image/jpeg |
| 942 ## - ADDED ENTRY ELEMENTS (KOHA) | |
| Koha item type | |
| Withdrawn status | Lost status | Damaged status | Not for loan | Home library | Current library | Shelving location | Date acquired | Total checkouts | Full call number | Barcode | Date last seen | Price effective from | Koha item type | Public note |
|---|---|---|---|---|---|---|---|---|---|---|---|---|---|---|
| Biblioteca Prof. Eusebio Cleto del Rey | Biblioteca Prof. Eusebio Cleto del Rey | 07/04/2026 | 657 T269 3ed. | L127965 | 07/04/2026 | 07/04/2026 | Libro | CANTO INFERIOR CON RAYA DE LAPICERA | ||||||
| Biblioteca Prof. Eusebio Cleto del Rey | Biblioteca Prof. Eusebio Cleto del Rey | 07/04/2026 | 657 T269 3ed. | L127966 | 07/04/2026 | 07/04/2026 | Libro | CANTO CON LÁPIZ - PARTIDO EN PÁG 142 | ||||||
| Biblioteca Prof. Eusebio Cleto del Rey | Biblioteca Prof. Eusebio Cleto del Rey | 07/04/2026 | 657 T269 3ed. | L127967 | 07/04/2026 | 07/04/2026 | Libro | 1° PÁGINA DOBLADA - PÁG 31 MANCHADA |